| 000 | 00908nam a22002897a 4500 | ||
|---|---|---|---|
| 003 | CHAP | ||
| 005 | 20220329140242.0 | ||
| 008 | 971013s1985 uk a r 00010 eng d | ||
| 010 | _a49266 | ||
| 011 | _a50238 | ||
| 035 | _a54388 | ||
| 040 | _cCHAP | ||
| 082 | 0 | 4 |
_a581.87 _bR62 |
| 100 | 0 | 0 |
_aRobards, Anthony W. _997874 |
| 245 | 1 | _aBotanical microsopy, 1985 | |
| 260 |
_aOxford : _bOxford University, _c1985 |
||
| 300 |
_a368 p. _b: ilus. |
||
| 590 |
_aBATCH-UPD _b10 _c20130110 _lUCH01 _h0807 |
||
| 590 |
_aBATCH-UPD _b10 _c20130410 _lUCH01 _h0445 |
||
| 590 |
_aBATCH-UPD _b10 _c20130914 _lUCH01 _h0944 |
||
| 590 |
_aCONVERSION _b10 _c20130109 _lUCH01 _h1327 |
||
| 650 | 1 | 4 |
_aCitología e histología vegetales. _923495 |
| 650 | 1 | 4 |
_aMicroscopio y microscopía _xTécnicas. _975538 |
| 901 | _aBK | ||
| 942 | _cLIBRO | ||
| 949 |
_a581.87 R62 _bBC _cLIBRO _d33724000450870 _eLIBRO _gI. 136575 _h72088 _i54388 _si _t22.30 |
||
| 999 |
_c49266 _d49266 |
||